000 00235nmm a2200097Ia 4500
008 220120s9999||||xx |||||||||||||||||und||
082 _a00 5.133 MUI
100 _aMueller, Scott
245 0 _aUpgrading and repairing pcs
260 _c2001
999 _c139082
_d139082